5 zufriedendenste Länder je Kontinent - Statistiken

Allgemein
  • Dieses Quiz wurde 140 mal gespielt
  • Das Durchschnittsergebnis liegt bei 19 aus 30
Antwortstatistiken
Hint Antwort % Korrekt
7,7 Norwegen
94%
7,5 Kanada
93%
7,3 Vereinigte Staaten
93%
5,9 Brasilien
91%
7,8 Finnland
91%
6,0 Argentinien
87%
8,0 Dänemark
85%
6,2 Kolumbien
83%
7,4 Australien
80%
5,9 Japan
79%
7,5 Neuseeland
79%
5,2 Ägypten
78%
5,2 Südafrika
78%
6,4 Venezuela
74%
6,9 Panama
69%
6,9 Costa Rica
66%
7,7 Niederlande
61%
5,4 Tunesien
61%
5,8 Algerien
57%
7,7 Irland
57%
6,0 Guyana
56%
7,3 Israel
47%
6,8 Tonga
45%
6,6 Nauru
42%
6,6 Saudi-Arabien
40%
6,3 Kiribati
39%
6,7 Kuwait
36%
6,7 Trinidad und Tobago
35%
6,1 Jordanien
24%
5,5 Botswana
18%
Keine übereinstimmenden Quizze gefunden
Verteilung der Resultate
Anzahl Personen mit jedem Resultat
Perzentil nach korrekt beantworteten Fragen
Ihre Resultats-Entwicklung
Sie haben dieses Quiz noch nicht gespielt